000 00727nam a2200253Ia 4500
003 OSt
005 20220925230430.0
006 a|||||r|||| 00| 0
007 ta
008 220923b |||||||| |||| 00| 0 eng d
037 _cGeneral Book
040 _aRTL
_cRTL
_beng
041 _2eng
_aeng
082 _aRxN26:g, N5
100 _aVisker Rudi
_979179
245 0 _aMichel Foucault
_b Genealogy as critique
260 _aLondon
_bVerso U. K.
_c1995
300 _ax, 179p
_ccm.
500 _aBibliography p.162-70
650 _aPhilosophy-Foucault
_9230844
700 _a Turner Chris Tr.
_922358
942 _hRxN26:g, N5
_cGB
_2CC
999 _c585506
_d585506